Регионална библиотека "Любен Каравелов" - Русе

Макаров (Запис номер 194927)

MARC детайли
000 -Лидер
Контролно поле с фиксирана дължина nam a22 a 4500
003 - Код на организацията, давaща контролен номер
Контролно поле BLK
005 - Дата и час на последна редакция
Контролно поле 20220923155629.0
008 - Елементи от данни с фиксирана дължина
fixed length control field 180411b bul|||||r ||||||| ||bul||
010 ## - Наследен системен номер
LC control number KNG00204162000
040 ## - Източник на каталожния запис
Идентификатор на билиотеката - собственик на записа BLK
041 ## - Код за език
Код за езика на текст/звукозапис или на отделно заглавие Български
Код за езика КДБФ Български
080 ## - УДК
Текстов определител УДК История на морските войни. Морски битки
УДК код - определител по УДК 355.49
УДК определител (092)
УДК - код + определител 355.49(092)
080 ## - УДК
Текстов определител УДК Руски флотоводец, изследовател, океанограф, вицеадмирал
УДК код - определител по УДК 929 Макаров,Степан Осипович
УДК - код + определител 929 Макаров,Степан Осипович
100 1# - Редна дума - Автор
Автор Семанов, Сергей Н.
Авторска отговорност първи автор
R(LIN) 346847
139 ## - Редно поле
Редна дума Семанов, Сергей Н.
Авторски знак Сем - С 32
245 10 - Сведения за заглавието
Заглавие Макаров
Подзаглавни данни Биогр.
Редно поле (дума) Сергей Н. Семанов; прев. от рус. Венедикта Иванова Григорова.
257 ## - Страна на издаване
Страна на създаване/издаване Русия
260 ## - Област на издателските данни
Място на издаване, разпространение и проч. София
Име на издателя, разпространителя и проч. Нар. младеж
Година на издаване 1975
300 ## - Физическа характеристика
Страници 288 с.
Илюстрации и др. 1 л. портр.
Размери/Мащаб 21 см
380 ## - Жанр
Жанр Обществени науки
490 ## - СЕРИИ (Колекции)
Име на серия Библиотека Парабола
9 (RLIN) 205849
490 ## - СЕРИИ (Колекции)
Име на серия Книги за велики образи и идеи на науката
№: серия 9
9 (RLIN) 205850
500 ## - Общи забележки
Забележка Ориг. загл. Макаров. - 7 125 тир. - Библиогр. с. 285-287.
600 14 - Име на лице, използвано като предмет
За него / За нея Макаров,Степан Осипович
9 (RLIN) 224775
700 1# - Други автори (авторска отговорност)
Лично име Григорова, Венедикта Иванова
Автороска отговорност (Описва отношението между автора и произведението) прев. от рус.
9 (RLIN) 306741
852 ## - Местоположение
Форматна сигнатура Цб 75981
856 4# - Електронен адрес и достъп
Електронен формат pdf - файл
856 4# - Електронен адрес и достъп
Електронен формат pdf - файл
999 ## - СИСТЕМНИ КОНТРОЛНИ НОМЕРА
Koha biblionumber 194927
Koha biblioitemnumber 194927
942 ## - АРТИКУЛИ
Вид на библиотечния материал Книги
Скрит в OPAC Не
Периодичен библиозапис Да
944 ## - СЪЗДАВАНЕ И РЕДАКЦИЯ на ЗАПИСА
Създаване/Редакция Създаване
Дата на регистрацията/редакция 07.02.2018
Служител, извършил регистрацията/редакцията Грета_Цуфелде
944 ## - СЪЗДАВАНЕ И РЕДАКЦИЯ на ЗАПИСА
Създаване/Редакция Редакция
Дата на регистрацията/редакция 2022-09-23
Служител, извършил регистрацията/редакцията ир
999 ## - СИСТЕМНИ КОНТРОЛНИ НОМЕРА
Koha biblioitemnumber 194927
Наличности
Код за отписване Код за изгубен артикул Източник на класификационната схема Код за повреда Коз за рестрикции Код за отдаване Артикулен № Име на библиотеката - собственик Име на библиотеката, в която се намира в момента Статус (Текущо местоположение) Дата на вписване в системата Местоположение - отдел Цена в лева Инвентарен номер Систематично азбучна сигнатура Баркод Номер на екземпляра Цена в евро Служебна бележка Служебен тип на артикула
  Не е изгубен Universal Decimal Classification Не е повреден само за читалня ползва се в читалня 340669 Регионална библиотека "Любен Каравелов" Русе Регионална библиотека "Любен Каравелов" Русе Хранилище 1975-01-01 Хранилище 1.34 183548 Цб 75981 120000183548 1 0.69 N: стар фонд Дата: 01.01.1975 Книги
Изтеглен Не е изгубен Universal Decimal Classification Не е повреден без рестрикции заемане за дома 340670 Регионална библиотека "Любен Каравелов" Русе Регионална библиотека "Любен Каравелов" Русе Заемна - подръчен фонд 1975-01-01 Заемна - подръчен фонд 1.34 186140 П 355/359(092)/С 32 186140 2 0.69 N: стар фонд Дата: 01.01.1975 Дата инв: 07.02.2018 Бележки инв: П2018 Книги
Vip Innovations Ltd, Rousse, Bulgaria 2025